Normal view MARC view
  • PRASAD, DR MAHESH JHA DR. ANTESH KUMAR AND SRIVASTAV , RITESH KUMAR

Entry Personal Name

Number of records used in: 1

001 - CONTROL NUMBER

  • control field: 8321

003 - CONTROL NUMBER IDENTIFIER

  • control field: JRU

005 - DATE AND TIME OF LATEST TRANSACTION

  • control field: 20240108145230.0

008 - FIXED-LENGTH DATA ELEMENTS

  • fixed length control field: 240108|| aca||aabn | a|a d

040 ## - CATALOGING SOURCE

  • Original cataloging agency: JRU
  • Transcribing agency: JRU

100 ## - HEADING--PERSONAL NAME

  • Personal name: PRASAD, DR MAHESH JHA DR. ANTESH KUMAR AND SRIVASTAV , RITESH KUMAR

670 ## - SOURCE DATA FOUND

  • Source citation: Work cat.: (JRU)5890: PRASAD, DR MAHESH JHA DR. ANTESH KUMAR AND SRIVASTAV , RITESH KUMAR, A PRACTICAL BOOK OF HUMAN ANATOMY AND PHYSIOLOGY - I